|
|
|
|
| LEADER |
00000nab#a22000007a#4500 |
| 001 |
arbauad015661 |
| 003 |
AR-BaUAD |
| 005 |
20250711111442.0 |
| 008 |
951124|||||||||###||||||b###|0###a|spa|| |
| 040 |
|
|
|a AR-BaUAD
|c AR-BaUAD
|b spa
|
| 245 |
1 |
0 |
|a Sur, ese desconocido, la arquitectura, los arquitectos
|b Sobre pérgolas, bancos, faroles y otras hierbas
|
| 500 |
|
|
|a Objetos de utilidad pública. -- Equipamiento urbano
|
| 653 |
|
|
|a OCAMPO, VICTORIA
|
| 653 |
|
|
|a EQUIPAMIENTO URBANO
|
| 773 |
0 |
|
|t CASAS
|g Nº25 [mar. 1992], p. 72-73
|
| 942 |
|
|
|c ARTI
|
| 952 |
|
|
|0 0
|1 0
|4 0
|7 0
|9 60581
|a AR-BAuAD
|b AR-BAuAD
|d 2025-07-11
|l 0
|p AAQA015661
|r 2025-07-11 11:14:42
|w 2025-07-11
|y ARTI
|
| 990 |
|
|
|a AQ199
|b TD
|
| 998 |
|
|
|a AAQ
|b BIBUN76
|
| 999 |
|
|
|c 40254
|d 40254
|